the indian in the cupboard (Record no. 7878)
[ view plain ]
| 000 -LEADER | |
|---|---|
| fixed length control field | 00807nam a22001937a 4500 |
| 003 - CONTROL NUMBER IDENTIFIER | |
| control field | OSt |
| 005 - DATE AND TIME OF LATEST TRANSACTION | |
| control field | 20260128004315.0 |
| 008 - FIXED-LENGTH DATA ELEMENTS--GENERAL INFORMATION | |
| fixed length control field | 260128b |||||||| |||| 00| 0 eng d |
| 040 ## - CATALOGING SOURCE | |
| Original cataloging agency | DWCL GS library |
| Transcribing agency | OC |
| 082 ## - DEWEY DECIMAL CLASSIFICATION NUMBER | |
| Classification number | Fic.B226i 1980 |
| 100 ## - MAIN ENTRY--PERSONAL NAME | |
| Personal name | Banks, Lynne Reid |
| 245 ## - TITLE STATEMENT | |
| Title | the indian in the cupboard |
| Statement of responsibility, etc. | Lynne Reid Banks |
| 260 ## - PUBLICATION, DISTRIBUTION, ETC. | |
| Place of publication, distribution, etc. | New York |
| Name of publisher, distributor, etc. | Doubleday and Company, Inc. |
| Date of publication, distribution, etc. | c1980 |
| 300 ## - PHYSICAL DESCRIPTION | |
| Extent | 197 |
| Other physical details | images |
| Dimensions | 17cm |
| 520 ## - SUMMARY, ETC. | |
| Summary, etc. | It all started with a birthday present Omri didn't want a small, plastic indian that was no use to him at all. But an old wooden cupboard and a special key brought his unusual toy to life. And then even stranger things began to happen wonderful, secret, dangerous... magical things |
| 546 ## - LANGUAGE NOTE | |
| Language note | English |
| 700 ## - ADDED ENTRY--PERSONAL NAME | |
| Personal name | Lynne Reid Banks |
| 942 ## - ADDED ENTRY ELEMENTS (KOHA) | |
| Source of classification or shelving scheme | Dewey Decimal Classification |
| Koha item type | Fiction |
| Suppress in OPAC | No |
| 952 ## - LOCATION AND ITEM INFORMATION (KOHA) | |
| -- | |
| Withdrawn status | Lost status | Source of classification or shelving scheme | Damaged status | Not for loan | Home library | Current library | Shelving location | Date acquired | Total Checkouts | Full call number | Barcode | Date last seen | Price effective from | Koha item type | Uniform Resource Identifier |
|---|---|---|---|---|---|---|---|---|---|---|---|---|---|---|---|
| Dewey Decimal Classification | College Library | Grade School Library | Fiction | 01/28/2026 | Fic.B226i 1980 | 9919 | 01/28/2026 | 01/28/2026 | FIC. |